| 000 | 01178cam a2200313 i 4500 | ||
|---|---|---|---|
| 001 | 200444168 | ||
| 003 | TR-AnTOB | ||
| 005 | 20251230152809.0 | ||
| 007 | ta | ||
| 008 | 080516s1999$$$$tu $r15201 $1$$ 15tur2tur u | ||
| 040 |
_aTR-AnTOB _btur _erda _cTR-AnTOB |
||
| 041 | 0 | _atur | |
| 044 | _ctu | ||
| 050 | 4 |
_aHC492 _b.K37 1999 |
|
| 090 |
_aHC492 _b.K37 1999 |
||
| 111 | 2 |
_aKaradeniz Kalkınma Kurultayı _n(2. : _d1999 : _cSamsun) _9151452 |
|
| 245 | 1 | 0 |
_aII. Karadeniz Kalkınma Kurultayı : _b22-24 Ekim 1999-Trabzon Karadeniz Teknik Üniversitesi Salonları / _cKaradeniz’in Özelliklerini Koruma Kulubü Derneği.. |
| 264 | 1 |
_a[Trabzon] : _bKaradeniz’in Özelliklerini Koruma Kulubü Derneği, _c1999. |
|
| 300 |
_a336 pages ; _c24 cm. |
||
| 336 |
_atext _btxt _2rdacontent |
||
| 337 |
_aaracısız _bn _2rdamedia |
||
| 338 |
_avolume _bnc _2rdacarrier |
||
| 490 | 0 |
_aII.Karadeniz Kalkınma Kurultayı yayınları ; _vYayın no:4. |
|
| 651 | 0 |
_aKaradeniz Sahili (Türkiye) _xEkonomik durum _vKongreler _965246 |
|
| 710 | 2 |
_aKaradeniz'in Özelliklerini Koruma Kulübü Derneği _9136810 |
|
| 942 |
_2lcc _cBK |
||
| 999 |
_c200444168 _d62380 |
||